[Event "ALG-ch"]
[Site "Ain Tagoura"]
[Date "2020.02.07"]
[Round "7"]
[White "Bakouche, Mahmoud"]
[Black "Gueroui, Nacereddine"]
[Result "1/2-1/2"]
[WhiteElo "1819"]
[BlackElo "1924"]
[PlyCount "26"]
[EventDate "2020.02.04"]
[EventType "swiss"]
[EventRounds "9"]
[EventCountry "ALG"]
[SourceTitle "CBM 194 Extra"]
[Source "ChessBase"]
[SourceDate "2020.03.31"]
[SourceVersion "1"]
[SourceVersionDate "2020.03.31"]
[SourceQuality "1"]

1. e4 c5 2. Nf3 Nc6 3. c3 d5 4. exd5 Qxd5 5. d4 Nf6 6. Be3 cxd4 7. Nxd4 Nxd4 8. Qxd4 Qxd4 9. Bxd4 Bd7 10. Bc4 e6 11. Nd2 a6 12. a4 Rc8 13. 0-0 Bc5 1/2-1/2

[Event "ALG-ch"]
[Site "Ain Tagoura"]
[Date "2020.02.04"]
[Round "1"]
[White "Daho, Mohammed"]
[Black "Gueroui, Nacereddine"]
[Result "1-0"]
[WhiteElo "1346"]
[BlackElo "1924"]
[PlyCount "51"]
[EventDate "2020.02.04"]
[EventType "swiss"]
[EventRounds "9"]
[EventCountry "ALG"]
[SourceTitle "CBM 194 Extra"]
[Source "ChessBase"]
[SourceDate "2020.03.31"]
[SourceVersion "1"]
[SourceVersionDate "2020.03.31"]
[SourceQuality "1"]

1. e4 c5 2. Nc3 d6 3. Bc4 a6 4. a3 Nf6 5. d3 e6 6. f4 Be7 7. Nf3 0-0 8. 0-0 Nc6 9. h3 d5 10. Ba2 b5 11. e5 Nd7 12. Qe1 Qc7 13. Qg3 Bb7 14. f5 Ncxe5 15. Nxe5 Qxe5 16. Bf4 Qd4+ 17. Kh1 Nf6 18. Be5 Nh5 19. Qh2 Qh4 20. g4 d4+ 21. Ne4 exf5 22. Rxf5 Nf6 23. Bxf6 Bxf6 24. Rh5 Rae8 25. Rxh4 Bxh4 26. Qf4 1-0

[Event "ALG-ch"]
[Site "Tiaret"]
[Date "2019.08.04"]
[Round "7"]
[White "Gueroui, Nacereddine"]
[Black "Saim, Mohamed Ilias"]
[Result "0-1"]
[WhiteElo "1949"]
[BlackElo "2131"]
[PlyCount "66"]
[EventDate "2019.08.01"]
[EventType "swiss"]
[EventRounds "9"]
[EventCountry "ALG"]
[SourceTitle "EXT 2020"]
[Source "ChessBase"]
[SourceDate "2019.10.17"]
[SourceVersion "1"]
[SourceVersionDate "2019.10.17"]
[SourceQuality "1"]

1. e4 e5 2. Nf3 Nc6 3. Bc4 Nf6 4. d3 Be7 5. c3 0-0 6. 0-0 d5 7. exd5 Nxd5 8. Bb3 Bg4 9. Re1 Kh8 10. h3 Bh5 11. g4 Bg6 12. Nxe5 Nxe5 13. Rxe5 c6 14. Bxd5 cxd5 15. Qf3 d4 16. cxd4 Rc8 17. Nc3 Bf6 18. Rd5 Qb6 19. Rb5 Qxd4 20. Be3 Qxd3 21. Rd1 Qc4 22. Qd5 Qxd5 23. Nxd5 Rfd8 24. Rc1 Rxc1+ 25. Bxc1 Bd3 26. Rxb7 Rxd5 27. g5 Bxg5 28. Bxg5 Rxg5+ 29. Kh2 h5 30. Rxf7 a5 31. Rd7 Be4 32. h4 Rg2+ 33. Kh3 Rxf2 0-1

[Event "ALG-ch"]
[Site "Tiaret"]
[Date "2019.08.02"]
[Round "4"]
[White "Ouaret, Abdelouhab"]
[Black "Gueroui, Nacereddine"]
[Result "1-0"]
[WhiteElo "2072"]
[BlackElo "1949"]
[PlyCount "65"]
[EventDate "2019.08.01"]
[EventType "swiss"]
[EventRounds "9"]
[EventCountry "ALG"]
[SourceTitle "EXT 2020"]
[Source "ChessBase"]
[SourceDate "2019.10.17"]
[SourceVersion "1"]
[SourceVersionDate "2019.10.17"]
[SourceQuality "1"]

1. Nf3 c5 2. g3 Nc6 3. c4 g6 4. Bg2 Bg7 5. Nc3 e5 6. d3 d6 7. 0-0 Nge7 8. a3 0-0 9. Rb1 a5 10. e3 f5 11. Bd2 Rb8 12. Ne1 Be6 13. Qa4 Bd7 14. Nb5 Be8 15. b4 d5 16. bxc5 dxc4 17. Qxc4+ Bf7 18. Qc2 Qd7 19. Nd6 Be6 20. Nc4 f4 21. Nf3 Rfd8 22. Ng5 Bd5 23. Nb6 Qf5 24. Nxd5 Qxg5 25. Nxe7+ Qxe7 26. exf4 Nd4 27. Qc4+ Kh8 28. Rfe1 Qc7 29. fxe5 Bxe5 30. Bxa5 Qxa5 31. Rxe5 Qd2 32. Re8+ Kg7 33. Qg8+ 1-0

[Event "ALG-ch"]
[Site "Algiers"]
[Date "2017.10.22"]
[Round "4"]
[White "Gueroui, Nacereddine"]
[Black "Haddouche, Mohamed Amine"]
[Result "0-1"]
[WhiteElo "2008"]
[BlackElo "2497"]
[PlyCount "72"]
[EventDate "2017.10.20"]
[EventType "tourn"]
[EventRounds "7"]
[EventCountry "ALG"]
[SourceTitle "CBM 181 Extra"]
[Source "ChessBase"]
[SourceDate "2017.12.12"]
[SourceVersion "1"]
[SourceVersionDate "2017.12.12"]
[SourceQuality "1"]

1. e4 e5 2. Bc4 Nf6 3. d3 c6 4. Nf3 Be7 5. 0-0 d6 6. Bb3 0-0 7. c3 Nbd7 8. Re1 Re8 9. Nbd2 Bf8 10. Nf1 h6 11. Ng3 a5 12. a4 d5 13. Bc2 dxe4 14. dxe4 g6 15. h3 Qc7 16. Be3 Nc5 17. Nh4 Nh7 18. Qc1 h5 19. Bh6 Qe7 20. Nf3 Qf6 21. Bxf8 Nxf8 22. Qh6 Nh7 23. Rad1 Be6 24. Rd6 Rad8 25. Red1 Rxd6 26. Rxd6 Qe7 27. Rd1 Bb3 28. Bxb3 Nxb3 29. h4 Nc5 30. Ra1 Nf6 31. Qe3 Ng4 32. Qe2 Rd8 33. b4 axb4 34. cxb4 Nd3 35. b5 cxb5 36. axb5 Ndxf2 0-1

[Event "ALG-ch"]
[Site "Algiers"]
[Date "2017.10.21"]
[Round "3"]
[White "Moulay, Mehdi"]
[Black "Gueroui, Nacereddine"]
[Result "1-0"]
[WhiteElo "2019"]
[BlackElo "2008"]
[PlyCount "42"]
[EventDate "2017.10.20"]
[EventType "tourn"]
[EventRounds "7"]
[EventCountry "ALG"]
[SourceTitle "CBM 181 Extra"]
[Source "ChessBase"]
[SourceDate "2017.12.12"]
[SourceVersion "1"]
[SourceVersionDate "2017.12.12"]
[SourceQuality "1"]

1. d4 c5 2. d5 Nf6 3. c4 b5 4. cxb5 a6 5. Nc3 axb5 6. e4 Qa5 7. e5 Ne4 8. Bd2 Nxd2 9. Qxd2 Ba6 10. a4 bxa4 11. Rxa4 Qb6 12. Bxa6 Rxa6 13. Rxa6 Nxa6 14. Nge2 g6 15. 0-0 Bg7 16. d6 e6 17. Ne4 0-0 18. Nf6+ Bxf6 19. exf6 Kh8 20. Nc3 Qb4 21. Ra1 Nb8 1-0

[Event "Africa-ch"]
[Site "Oran"]
[Date "2017.07.04"]
[Round "4"]
[White "Gueroui, Nacereddine"]
[Black "Bouzidi, Ahmed"]
[Result "0-1"]
[WhiteElo "2029"]
[BlackElo "2193"]
[PlyCount "60"]
[EventDate "2017.07.02"]
[EventType "swiss"]
[EventRounds "9"]
[EventCountry "ALG"]
[SourceTitle "CBM 179 Extra"]
[Source "ChessBase"]
[SourceDate "2017.08.23"]
[SourceVersion "1"]
[SourceVersionDate "2017.08.23"]
[SourceQuality "1"]

1. e4 Nf6 2. e5 Nd5 3. d4 d6 4. Nf3 dxe5 5. Nxe5 c6 6. Qf3 Be6 7. b3 Nb4 8. Qe2 Bf5 9. Na3 Qxd4 10. Rb1 Nxa2 11. Nf3 Nxc1 12. Nxd4 Nxe2 13. Bxe2 Be4 14. Bf3 Bxf3 15. Nxf3 e6 16. Nc4 Bb4+ 17. Ke2 Nd7 18. Rhd1 0-0-0 19. Ng5 Rdf8 20. Ne4 Nb6 21. Nxb6+ axb6 22. c3 Be7 23. b4 Rd8 24. b5 Rxd1 25. Kxd1 Rd8+ 26. Kc2 Kc7 27. Nd2 Ra8 28. Rb2 Ra5 29. c4 Ba3 30. Rb3 Bc5 0-1

[Event "ALG-ch sf"]
[Site "Tiaret"]
[Date "2017.03.29"]
[Round "2"]
[White "Bengherabi, Khalil"]
[Black "Gueroui, Nacereddine"]
[Result "1-0"]
[WhiteElo "2224"]
[BlackElo "2017"]
[PlyCount "65"]
[EventDate "2017.03.29"]
[EventType "swiss"]
[EventRounds "7"]
[EventCountry "ALG"]
[SourceTitle "EXT 2018"]
[Source "ChessBase"]
[SourceDate "2017.10.13"]
[SourceVersion "1"]
[SourceVersionDate "2017.10.13"]
[SourceQuality "1"]

1. e4 d5 2. exd5 Qxd5 3. Nc3 Qd6 4. d4 Nf6 5. Nf3 g6 6. g3 c6 7. Bg2 Bg7 8. 0-0 0-0 9. Bf4 Qb4 10. Rb1 Bg4 11. Qd2 Bxf3 12. Bxf3 e6 13. a3 Qa5 14. Rfe1 Nbd7 15. b4 Qf5 16. Ne4 Nxe4 17. Bxe4 Qb5 18. c3 Nf6 19. Bf3 Rad8 20. a4 Qc4 21. Rec1 Rd7 22. Qc2 Rfd8 23. Be5 Re7 24. a5 Ne8 25. Re1 f6 26. Bf4 Nd6 27. Be2 Qd5 28. c4 Qf5 29. Bd3 Qg4 30. Kg2 e5 31. dxe5 fxe5 32. h3 Qd7 33. Bg5 1-0

[Event "ALG-ch"]
[Site "Algiers"]
[Date "2016.01.21"]
[Round "8"]
[White "Mostaine Boucetta, Brahim"]
[Black "Gueroui, Nacereddine"]
[Result "0-1"]
[WhiteElo "1751"]
[BlackElo "2064"]
[PlyCount "76"]
[EventDate "2016.01.16"]
[EventType "swiss"]
[EventRounds "9"]
[EventCountry "ALG"]
[SourceTitle "CBM 170 Extra"]
[Source "ChessBase"]
[SourceDate "2016.02.25"]
[SourceVersion "1"]
[SourceVersionDate "2016.02.25"]
[SourceQuality "1"]

1. d4 Nf6 2. c4 c5 3. d5 b5 4. cxb5 a6 5. b6 Qxb6 6. Nc3 d6 7. e4 g6 8. Be2 Bg7 9. Nf3 Nbd7 10. 0-0 0-0 11. Nd2 a5 12. a4 Ba6 13. Bb5 Ne5 14. Kh1 Bxb5 15. axb5 Ne8 16. f4 Nd7 17. Nc4 Qd8 18. Na4 f5 19. Qe1 fxe4 20. Qxe4 Ndf6 21. Qe6+ Kh8 22. b6 Bh6 23. Re1 Ng7 24. Qxe7 Qxe7 25. Rxe7 Nxd5 26. Rd7 Nf5 27. g4 Nf6 28. Ra7 Nxg4 29. Nxa5 Nf6 30. Nc6 Rae8 31. Bd2 Nd4 32. Nxd4 cxd4 33. b7 Nd7 34. Re1 Rxe1+ 35. Bxe1 Bxf4 36. Ra8 Nb8 37. Nb6 Kg8 38. Nd7 Nxd7 0-1

[Event "ALG-chT"]
[Site "Staoueli"]
[Date "2014.08.25"]
[Round "6.4"]
[White "Haddad, Oussama"]
[Black "Gueroui, Nacereddine"]
[Result "1/2-1/2"]
[WhiteElo "2017"]
[BlackElo "2104"]
[PlyCount "70"]
[EventDate "2014.08.22"]
[EventType "team-swiss"]
[EventRounds "9"]
[EventCountry "ALG"]
[SourceTitle "EXT 2016"]
[Source "ChessBase"]
[SourceDate "2015.10.08"]
[SourceVersion "1"]
[SourceVersionDate "2015.10.08"]
[SourceQuality "1"]
[WhiteTeam "Malki NRM"]
[BlackTeam "Constantine CEC"]
[WhiteTeamCountry "ALG"]
[BlackTeamCountry "ALG"]

1. d4 Nf6 2. c4 e5 3. dxe5 Ng4 4. Bf4 Bb4+ 5. Nd2 Qe7 6. Ngf3 Nc6 7. a3 Ngxe5 8. Nxe5 Nxe5 9. e3 Bxd2+ 10. Qxd2 0-0 11. Be2 d6 12. 0-0 b6 13. Rac1 a5 14. Rfd1 Bb7 15. Qd4 Nd7 16. b4 axb4 17. axb4 Ra4 18. Qc3 Rfa8 19. Ra1 Ra2 20. Bf1 Nf6 21. Rxa2 Rxa2 22. Qb3 Ra8 23. Bg5 h6 24. Bxf6 Qxf6 25. c5 dxc5 26. bxc5 Ra1 27. cxb6 Rxd1 28. Qxd1 cxb6 29. Qd7 Qc6 30. Qd8+ Kh7 31. Qe7 Qd5 32. e4 Qxe4 33. Qxf7 Qd5 34. Qc7 b5 35. Qg3 Bc6 1/2-1/2

[Event "ALG-ch 26th"]
[Site "Staoueli"]
[Date "2014.04.04"]
[Round "10"]
[White "Gueroui, Nacereddine"]
[Black "Oussedik, Mahfoud"]
[Result "0-1"]
[WhiteElo "2107"]
[BlackElo "2243"]
[PlyCount "60"]
[EventDate "2014.03.30"]
[EventType "tourn"]
[EventRounds "11"]
[EventCountry "ALG"]
[SourceTitle "CBM 159 Extra"]
[Source "ChessBase"]
[SourceDate "2014.04.24"]
[SourceVersion "1"]
[SourceVersionDate "2014.04.24"]
[SourceQuality "1"]

1. e4 g6 2. d4 Bg7 3. c4 d6 4. Nc3 Nf6 5. Nf3 0-0 6. Bg5 c6 7. Qd2 Qa5 8. Bd3 Bg4 9. Bh6 Bxh6 10. Qxh6 Bxf3 11. gxf3 Qb6 12. 0-0-0 e5 13. h4 Nh5 14. Ne2 Nd7 15. Rdg1 Kh8 16. f4 exf4 17. e5 dxe5 18. Bxg6 fxg6 19. Rxg6 Rf6 20. Rxf6 Nhxf6 21. dxe5 Ng4 22. Qd6 Ndxe5 23. Rd1 Qxf2 24. Nc3 Qxb2+ 25. Kxb2 Nxc4+ 26. Kb3 Nxd6 27. Rxd6 f3 28. Rd1 Rf8 29. Ne4 f2 30. Ng3 Rf3+ 0-1

[Event "ALG-ch 26th"]
[Site "Staoueli"]
[Date "2014.04.01"]
[Round "5"]
[White "Seddaoui, Yamine"]
[Black "Gueroui, Nacereddine"]
[Result "1-0"]
[WhiteElo "2101"]
[BlackElo "2107"]
[PlyCount "75"]
[EventDate "2014.03.30"]
[EventType "tourn"]
[EventRounds "11"]
[EventCountry "ALG"]
[SourceTitle "CBM 159 Extra"]
[Source "ChessBase"]
[SourceDate "2014.04.24"]
[SourceVersion "1"]
[SourceVersionDate "2014.04.24"]
[SourceQuality "1"]

1. e4 d5 2. exd5 Qxd5 3. Nc3 Qd6 4. d4 Nf6 5. Bc4 a6 6. h3 b5 7. Bb3 Bb7 8. Nf3 c5 9. dxc5 Qxd1+ 10. Nxd1 Nbd7 11. Be3 e6 12. c4 Nxc5 13. Bxc5 Bxc5 14. Ke2 Rc8 15. Ne3 Bxe3 16. fxe3 bxc4 17. Ba4+ Bc6 18. Bxc6+ Rxc6 19. Rhc1 Nd7 20. Rc3 Ke7 21. b3 Rhc8 22. Rac1 Nb6 23. Nd2 Kd6 24. bxc4 Na4 25. Ra3 Nc5 26. Nb3 Ne4 27. Na5 Rb6 28. Nb3 Nc5 29. Rc2 Rcb8 30. Rc3 Kc6 31. Ra5 Ne4 32. Rd3 Ra8 33. Re5 Ng3+ 34. Kf2 Nf5 35. Rc5+ Kb7 36. Na5+ Ka7 37. Rd7+ Kb8 38. Rd8+ 1-0

[Event "Constantine Happy New Year"]
[Site "Constantine"]
[Date "2014.01.18"]
[Round "9.2"]
[White "Gueroui, Nacereddine"]
[Black "Haddouche, Mohamed Amine"]
[Result "0-1"]
[WhiteElo "2095"]
[BlackElo "2494"]
[PlyCount "84"]
[EventDate "2014.01.14"]
[EventType "tourn"]
[EventRounds "10"]
[EventCountry "ALG"]
[SourceTitle "EXT 2024"]
[Source "ChessBase"]
[SourceDate "2023.10.10"]
[SourceVersion "1"]
[SourceVersionDate "2023.10.10"]
[SourceQuality "1"]

1. e4 b6 2. d4 Bb7 3. Bd3 e6 4. c4 f5 5. Nc3 Bb4 6. Qe2 Nf6 7. f3 Nc6 8. Be3 e5 9. d5 Nd4 10. Qd2 fxe4 11. fxe4 0-0 12. 0-0-0 Ng4 13. Nge2 Nxe3 14. Qxe3 Qh4 15. Ng3 g6 16. Kb1 c6 17. Rdf1 Be7 18. Nge2 Bg5 19. Qg1 Rxf1+ 20. Qxf1 Rf8 21. Qd1 Be3 22. Rf1 Rxf1 23. Qxf1 Qxh2 24. a3 Kg7 25. Nxd4 Bxd4 26. Ne2 c5 27. Nxd4 cxd4 28. c5 bxc5 29. Qc1 d6 30. Qc4 Qf4 31. Qb5 Qf7 32. a4 g5 33. Qa5 Bc8 34. Qd8 Bg4 35. Qxg5+ Qg6 36. Qe7+ Kh6 37. Qh4+ Bh5 38. Be2 Qg5 39. Qh2 Kg6 40. Bxh5+ Qxh5 41. Qg3+ Qg5 42. Qh3 Qf4 0-1

[Event "Constantine Happy New Year"]
[Site "Constantine"]
[Date "2014.01.15"]
[Round "4.2"]
[White "Haddouche, Mohamed Amine"]
[Black "Gueroui, Nacereddine"]
[Result "1-0"]
[WhiteElo "2494"]
[BlackElo "2095"]
[PlyCount "47"]
[EventDate "2014.01.14"]
[EventType "tourn"]
[EventRounds "10"]
[EventCountry "ALG"]
[SourceTitle "EXT 2024"]
[Source "ChessBase"]
[SourceDate "2023.10.10"]
[SourceVersion "1"]
[SourceVersionDate "2023.10.10"]
[SourceQuality "1"]

1. e4 d5 2. exd5 Nf6 3. d4 Bg4 4. Nf3 Qxd5 5. Be2 Nc6 6. Be3 0-0-0 7. Nbd2 Qh5 8. c4 e6 9. 0-0 h6 10. b4 Bxb4 11. Rb1 g5 12. a3 Bxd2 13. Qxd2 Ne4 14. Qb2 b6 15. c5 Kb7 16. Rfc1 Rc8 17. Qb5 Nb8 18. a4 Ka8 19. a5 c6 20. Qd3 Bf5 21. axb6 Nxc5 22. Qa3 Rc7 23. bxc7 Bxb1 24. Rxb1 1-0

[Event "ALG-ch sf"]
[Site "Algiers"]
[Date "2014.01.12"]
[Round "5"]
[White "Gueroui, Nacereddine"]
[Black "Djeddi, Mohamed"]
[Result "1-0"]
[WhiteElo "2095"]
[BlackElo "1916"]
[PlyCount "29"]
[EventDate "2014.01.10"]
[EventType "swiss"]
[EventRounds "7"]
[EventCountry "ALG"]
[SourceTitle "CBM 158 Extra"]
[Source "ChessBase"]
[SourceDate "2014.02.28"]
[SourceVersion "1"]
[SourceVersionDate "2014.02.28"]
[SourceQuality "1"]

1. e4 d6 2. d4 Nf6 3. Nc3 Nbd7 4. Nf3 e5 5. Bc4 Be7 6. 0-0 0-0 7. Re1 c6 8. a4 a5 9. h3 Qc7 10. Nh4 Nxe4 11. Rxe4 Nb6 12. Bd3 f5 13. Qh5 fxe4 14. Bxe4 Bf6 15. Bxh7+ 1-0

[Event "ALG-ch sf"]
[Site "Algiers"]
[Date "2014.01.11"]
[Round "3"]
[White "Gueroui, Nacereddine"]
[Black "Saim, Mohamed Ilias"]
[Result "0-1"]
[WhiteElo "2095"]
[BlackElo "1988"]
[PlyCount "55"]
[EventDate "2014.01.10"]
[EventType "swiss"]
[EventRounds "7"]
[EventCountry "ALG"]
[SourceTitle "CBM 158 Extra"]
[Source "ChessBase"]
[SourceDate "2014.02.28"]
[SourceVersion "1"]
[SourceVersionDate "2014.02.28"]
[SourceQuality "1"]

1. e4 d6 2. d4 Nf6 3. Nc3 Nbd7 4. f4 e5 5. Nf3 exd4 6. Nxd4 Nc5 7. Bd3 c6 8. Nb3 Nxd3+ 9. Qxd3 b5 10. 0-0 a5 11. e5 Ng4 12. exd6 Bxd6 13. Qe4+ Be7 14. Qxc6+ Bd7 15. Qe4 0-0 16. h3 Qb6+ 17. Qd4 Qxd4+ 18. Nxd4 Bc5 19. Nce2 Rfe8 20. Kh1 Nf6 21. c3 Ne4 22. Kh2 b4 23. Ng3 bxc3 24. Nxe4 Bxd4 25. Nxc3 Bxc3 26. bxc3 Re2 27. Kg3 Rc8 28. f5 0-1

[Event "Arab Clubs-chT"]
[Site "Monastir"]
[Date "2013.11.07"]
[Round "6.4"]
[White "Abdel Razik, Khaled"]
[Black "Gueroui, Nacereddine"]
[Result "1/2-1/2"]
[WhiteElo "2450"]
[BlackElo "2084"]
[PlyCount "49"]
[EventDate "2013.11.04"]
[EventType "team-tourn"]
[EventRounds "9"]
[EventCountry "TUN"]
[SourceTitle "EXT 2014"]
[Source "ChessBase"]
[SourceDate "2013.11.20"]
[SourceVersion "1"]
[SourceVersionDate "2013.11.20"]
[SourceQuality "1"]
[WhiteTeam "Sharkia Dokhan"]
[BlackTeam "CEC"]
[WhiteTeamCountry "EGY"]
[BlackTeamCountry "ALG"]

1. d4 Nf6 2. c4 c5 3. d5 b5 4. Nf3 g6 5. Nbd2 Bg7 6. e4 d6 7. cxb5 a6 8. a4 0-0 9. Ra3 axb5 10. Bxb5 Ba6 11. 0-0 Bxb5 12. axb5 Nbd7 13. h3 Rxa3 14. bxa3 Qa5 15. Qc2 Qxb5 16. a4 Qa6 17. Bb2 Ra8 18. Ra1 Qe2 19. Bc3 Nxe4 20. Qxe4 Qxe4 21. Nxe4 f5 22. Bxg7 fxe4 23. Nd2 Kxg7 24. Nxe4 Nb6 25. Nc3 1/2-1/2

[Event "Arab Clubs-chT"]
[Site "Monastir"]
[Date "2013.11.05"]
[Round "3.4"]
[White "Gueroui, Nacereddine"]
[Black "Basil, Alshouha"]
[Result "0-1"]
[WhiteElo "2084"]
[BlackElo "2141"]
[PlyCount "62"]
[EventDate "2013.11.04"]
[EventType "team-tourn"]
[EventRounds "9"]
[EventCountry "TUN"]
[SourceTitle "EXT 2014"]
[Source "ChessBase"]
[SourceDate "2013.11.20"]
[SourceVersion "1"]
[SourceVersionDate "2013.11.20"]
[SourceQuality "1"]
[WhiteTeam "CEC"]
[BlackTeam "Amman"]
[WhiteTeamCountry "ALG"]
[BlackTeamCountry "JOR"]

1. e4 c5 2. Nf3 g6 3. d4 cxd4 4. Nxd4 Bg7 5. c4 Nc6 6. Be3 Nf6 7. Nc3 0-0 8. Be2 d6 9. 0-0 Bd7 10. Qd2 Nxd4 11. Bxd4 Bc6 12. f4 e5 13. Be3 Nxe4 14. Nxe4 Bxe4 15. Rad1 exf4 16. Bxf4 Qb6+ 17. Rf2 Be5 18. b3 Rad8 19. Be3 Qc7 20. Bg5 f6 21. Bh6 Rfe8 22. Bf3 d5 23. cxd5 Bxh2+ 24. Kf1 Rxd5 25. Qxd5+ Bxd5 26. Bxd5+ Kh8 27. Rxf6 Qe5 28. Rf2 Bg3 29. Bf3 Bxf2 30. Kxf2 g5 31. Rh1 Qd4+ 0-1